000 00600nam a2200217Ia 4500
003 OSt
005 20220923230855.0
006 a|||||r|||| 00| 0
007 ta
008 Pun
024 _a306,201
037 _cTextual
040 _aARTS
_cARTS
_bPun
041 _2Pun
_aPun
082 _aO168,3N151,1, 153M1
100 _aਬੇਦੀ, ਰਾਜਿੰਦਰ ਸਿੰਘ
245 0 _aਇਕ ਚਾਦਰ ਅੱਧੋਰਾਣੀ
260 _c1981
942 _hO168,3N151,1, 153M1
_cTEXL
_2CC
999 _c387988
_d387988